Culture Générale - Série 1866 - Statistiques

Statistiques générales
  • Ce quiz a été pris 111 fois
  • Le résultat moyen est 3 sur 10
Statistiques - réponses
Question Réponse % Correct
Quelle est la capitale de la Jordanie ? Amman
84%
Sur quelle île grecque se trouve la ville portuaire de La Canée ? Crète
69%
Sous quel nom connait-on mieux l'actrice française Sophie Maupu ? Sophie Marceau
60%
Quelle joueuse de tennis américaine a remporté 18 titres du Grand Chelem et 4 Masters ? voir photo Chris Evert
33%
Période de l’année où les troupeaux paissent sur les pâturages de montagne estive
33%
Quel terme littéraire ou historique est utilisé pour désigner un tueur à gages ? sicaire
22%
Variété de galette épaisse, sorte de crêpe de grande taille, souvent servie en relation avec un rituel ou des fêtes religieuses blini
17%
Dans quel pays est située la ville portuaire de Dalian ? Chine
13%
Qui a réalisé le film "Lawrence d'Arabie" en 1962 ? David Lean
9%
Comment appelle-t-on le tissu qui recouvre la dentine au niveau de la racine ? cément
1%
Aucun quiz correspondant
Distribution des résultats
% des personnes avec chaque résultat
Percentile par nombre de réponses
Votre historique - résultats
Vous n’avez pas pris ce quiz